000 00523nam a2200181Ia 4500
003 GCL
008 140319s9999 xx 000 0 ara d
040 _aGCL /
_cGCL
082 0 4 _a791.437
_bع ك
100 1 _aعلى ابوشادى
245 1 0 _aكلاسكيات السينما /
_cعلى ابوشادى
300 _a239 ص
490 _aمكتبة الاسرة
_v0
650 0 4 _aالافلام السينمائية
650 0 4 _aالسينما - مصر
650 0 4 _aالافلام المصرية
942 _2ddc
_cBK
999 _c50768
_d50768